Flora apícola : La Asunción, Lavalle, Mendoza, Argentina /

Guardado en:
Autor Principal: Wingenroth, Mónica Cristina.
Formato: Libro
Idioma:Spanish
Publicado: Mendoza : el autor, 2004.
Etiquetas: Agregar Etiqueta
Sin Etiquetas, Sea el primero en etiquetar este registro!
LEADER 00571nam a22001575a 4500
001 EEA.libagro007270
005 20180621132414.0
008 130809s2004####ag#a##########000#0#spa#d
020 |a 9874347244 
082 0 4 |a 638.1 
100 1 |a Wingenroth, Mónica Cristina. 
245 1 0 |a Flora apícola :  |b La Asunción, Lavalle, Mendoza, Argentina /  |c Mónica Cristina Wingenroth. 
260 |a Mendoza :  |b el autor,  |c 2004. 
300 |a 51 p. :  |b il., fot. col. ;  |c 23 cm. 
859 |a AR-BbBCA  |b BIB. AGRONOMIA  |h 638.1  |i W769  |p 2004/4641 
859 |a AR-BbBCA  |b BIB. AGRONOMIA  |h 638.1  |i W769  |p 2004/4642  |t Ej.2